000 00544nam a2200229Ia 4500
003 OSt
005 20221005133135.0
006 a|||||r|||| 00| 0
007 ta
008 221004b |||||||| |||| 00| 0 eng d
024 _a60059
037 _cTextual
040 _aCRL
_cCRL
_beng
041 _2eng
_aeng
082 _aV2:2501.N5, J5
100 _aNayyar M R
_9642115
245 0 _aVindication
260 _c1955
650 _aHISTORY
942 _hV2:2501.N5, J5
_cTEXL
_2cc
999 _c1065859
_d1065859